|
|
|
|
| LEADER |
00729ncm a22002052a 4500 |
| 001 |
001140338 |
| 003 |
CZ BrMZK |
| 005 |
20110308093334.0 |
| 007 |
qu |
| 008 |
110308s1867 xr |||||||||||||||||lat d |
| 040 |
|
|
|a BOA001
|b cze
|
| 072 |
|
7 |
|a 783
|x Církevní hudba. Duchovní hudba. Náboženská hudba
|2 Konspekt
|9 9
|
| 100 |
1 |
|
|a Škroup, Jan Nepomuk,
|d 1811-1892
|7 jk01130391
|4 cmp
|
| 245 |
1 |
0 |
|a Gradualia et Offertoria pro viginti festis.
|n Nr. 5-6
|h [hudebnina] /
|c auctore Joanne Nep. Škraup
|
| 260 |
|
|
|a Pragae :
|b J.N. Škroup,
|c 1867
|
| 300 |
|
|
|a 43 s.
|
| 910 |
|
|
|a BOA001
|b Mus3-0702.472,5-6
|
| 990 |
|
|
|a MU
|
| 991 |
|
|
|b 201103
|
| 996 |
6 |
|
|b 2619361124
|c Mus3-0702.472,5-6
|l MZK
|r Sklad / do 1 hodiny
|n 0
|w 001172277
|u 000010
|a 1
|e BOA001
|j MZK50
|s P
|